Los hipopótamos no hacen surf (Registro nro. 14752)

Detalles MARC
000 - LÍDER
campo de control de longitud fija 00885nam a22002657i 4500
005 - FECHA Y HORA DE LA ÚLTIMA TRANSACCIÓN
campo de control 20210818182157.0
008 - ELEMENTOS DE DATOS DE LONGITUD FIJA - INFORMACIÓN GENERAL
campo de control de longitud fija 190308s2001 sp a br 000 j spa d
020 ## - INTERNATIONAL STANDARD BOOK NUMBER
International Standard Book Number 8424625714
040 ## - FUENTE DE CATALOGACIÓN
Agencia de catalogación original COMFC
Lenguaje de catalogación spa
Descripción convenciones rda
099 ## - NÚMERO LOCAL DE LLAMADAS DE TEXTO LIBRE (OCLC)
Número de clasificación C
Título de la noticia ANTH
090 ## - NÚMERO DE LLAMADA DE TIPO LC LOCALMENTE ASIGNADO (OCLC)
Número de clasificación (OCLC) (R) C
Número de cortador local (OCLC) ANTH
100 1# - ENTRADA PRINCIPAL - NOMBRE PERSONAL
9 (RLIN) 54051
Nombre de la persona Antolín Planas, Nacho
Término del Relator aut
245 14 - TÍTULO DECLARACIÓN
Título Los hipopótamos no hacen surf
Declaración de responsabilidad Nacho Antolín Planas ; ilustraciones de Artur Díaz
264 01 - AVISO DE PRODUCCIÓN, PUBLICACIÓN, DISTRIBUCIÓN, FABRICACIÓN Y DERECHOS DE AUTOR
Lugar de producción Barcelona
Nombre del productor La Galera
Fecha de producción 2001
300 ## - DESCRIPCIÓN FÍSICA
Alcance 22 páginas
Otros datos físicos ilustraciones en color
Dimensiones 15 cm
336 ## - TIPO DE CONTENIDO
Fuente rdacontent
Tipo de contenido txt
337 ## - TIPO DE MEDIO
Fuente rdamedia
Término del tipo de medio n
338 ## - TIPO DE PORTADOR
Fuente rdacarrier
Término del tipo de operador nc
490 ## - DECLARACIÓN EN SERIE
-- 54052
Estado de cuenta de la serie Colas de Sirena
650 #0 - ENTRADA DE SUJETO AÑADIDO - TÉRMINO TÓPICO
9 (RLIN) 18131
Término tópico o elemento de entrada del nombre geográfico Hipopotamos
Subdivisión de forma Cuentos Infantiles
650 #0 - ENTRADA DE SUJETO AÑADIDO - TÉRMINO TÓPICO
9 (RLIN) 21021
Término tópico o elemento de entrada del nombre geográfico Libros Ilustrados Para Niños
650 #0 - ENTRADA DE SUJETO AÑADIDO - TÉRMINO TÓPICO
9 (RLIN) 21010
Término tópico o elemento de entrada del nombre geográfico Libros de Lectura (Educacion Primaria)
700 1# - ENTRADA AGREGADA - NOMBRE PERSONAL
9 (RLIN) 54053
Nombre de la persona Díaz, Artur
Término del Relator ill
942 ## - ELEMENTOS DE ENTRADA AGREGADOS (KOHA)
Fuente de clasificación o esquema de estanterías Dewey Decimal Classification
Parte de clasificación C ANTH
Prefijo del número de llamada C
Sufijo del número de llamada ANTH
Existencias
Estado de retirada Pérdida de estatus Fuente de clasificación o esquema de estanterías Estado dañado No para préstamo Código de recogida Ubicación permanente Ubicación actual Ubicación de las estanterías Fecha de adquisición Total de Cajas Número Topográfico Código de barras Precio efectivo desde Número de copia Fecha de la última vez que se vio Tipo de artículo Koha Nota pública
    Dewey Decimal Classification     General Biblioteca Pública Departamental Comfamiliar Risaralda Biblioteca Pública Departamental Comfamiliar Risaralda Área General 08/03/2019   C ANTH 1004111 08/03/2019 Ej. 1 08/03/2019 Libro Cuentos Infantiles